Edificios inteligentes

Zapisane w:
Opis bibliograficzny
1. autor: Montero Granados, Johan
Kolejni autorzy: Li Chang, Luis
Format: Książka
Wydane: [San José , Costa Rica] 2003
Hasła przedmiotowe:
Etykiety: Dodaj etykietę
Nie ma etykietki, Dołącz pierwszą etykiete!

MARC

LEADER 00000nam a2200000Ia 4500
003 009203
005 20221231144146.0
008 140114s2003 cr a m 000 ||s d
040 |c cru CEDI 
090 |a TFG 4743 
100 |a Montero Granados, Johan  |9 6900 
245 |a Edificios inteligentes 
260 |c 2003  |a [San José , Costa Rica] 
500 |a Proyecto de graduación (bachillerato en ingeniería eléctrica)--Universidad de Costa Rica. Facultad de Ingeniería. Escuela de Ingeniería Eléctrica 
650 |z EDIFICIOS INTELIGENTES  |9 6901 
700 |9 6899  |a Li Chang, Luis 
942 |c TFG 
999 |c 17738  |d 17738